000 00860nam a22003251 4500
001 1179774
003 DO-SdBNP
005 20180302093047.0
007 1179774
008 930725s1975 sp spa
016 7 _a
_z
_2BPMSU
017 _a
_b
020 _a8432401625
035 _a
040 _aBPMSU
_bspa
_cBPMSU
080 0 _a
080 0 _a
100 1 _aMeunié, Anne-Marie
245 1 0 _aTrabajos de cestería /
_h
_cAnne-Marie Meunie y Suzane Pichard ; Traducción de A. Lupo Canaleta
260 _aBarcelona
_bVilamala
_c[1975]
300 _a128 p. :
_b il. ;
_c21 cm
490 0 _a100 Ideas
_vv. 10
650 7 _a
_2
700 1 _aPichard, Suzane
700 1 _aLupo Canaleta
_etr.
830 _a100 Ideas
942 _2ddc
_cBK
945 _ainventariado, 2018 / dg
956 _aVMATEO
_210
_320160412
_6BPMSU
_80069
999 _c9721
_d9721